书目信息 |
| 题名: |
芭比的疯狂派对
|
|
| 作者: | 夏露比 , 韩夏露比 著 ;杨俊娟 译 | |
| 分册: | 2 | |
| 出版信息: | 北京 文化艺术出版社 2011.04 |
|
| 页数: | 205页 | |
| 开本: | 23cm | |
| 丛书名: | ||
| 单 册: | ||
| 中图分类: | I312.645 | |
| 科图分类: | ||
| 主题词: | 长篇小说 , 长篇小说--韩国--现代 | |
| 电子资源: | ||
| ISBN: | 7-5039-3106-X | |
| 000 | 01007nam0 2200313 450 | |
| 001 | 1151520660 | |
| 005 | 20111212142016.87 | |
| 010 | @a7-5039-3106-X@dCNY20.00 | |
| 090 | @aI312.645@bxlb | |
| 096 | @aI312.645@bxlb | |
| 100 | @a20070327d2011 em y0chiy50 ea | |
| 101 | 1 | @achi@ckor |
| 102 | @aCN@b110000 | |
| 105 | @aa z 000ay | |
| 200 | 1 | @a芭比的疯狂派对@b专著@dCrazy party@h2@f韩夏露比著@Fhan xia lu bi zhu@g杨俊娟译@zeng@9ba bi de feng kuang pai dui |
| 210 | @a北京@c文化艺术出版社@d2011.04 | |
| 215 | @a205页@c图@d23cm | |
| 304 | @a书名页题名题:芭比'S疯狂派对。 | |
| 304 | @a书名取自封面 | |
| 510 | 1 | @aCrazy party@zeng |
| 517 | 1 | @a芭比'S疯狂派对@9ba bi'S feng kuang pai dui |
| 606 | 0 | @a长篇小说 |
| 606 | 0 | @a长篇小说@y韩国@z现代 |
| 690 | @aI312.645@v4 | |
| 701 | 0 | @c(韩)@a夏露比@c(女,@f1988.3~)@4著@9xia lu bi |
| 701 | 0 | @a韩夏露比@Ahan xia lu bi@4著 |
| 702 | 0 | @a杨俊娟@c(翻译)@4译@9yang jun juan |
| 801 | 0 | @aCN@b110020@c20061116 |
| 905 | @aZUCC@dI312.645@eX192 | |
| 芭比的疯狂派对=Crazy party.2/韩夏露比著/杨俊娟译.-北京:文化艺术出版社,2011.04 |
| 205页:图;23cm |
| ISBN 7-5039-3106-X:CNY20.00 |
| ● |
| 相关链接 |
|
|
|
正题名:芭比的疯狂派对
索取号:I312.645/X192
 
预约/预借
| 序号 | 登录号 | 条形码 | 馆藏地/架位号 | 状态 | 备注 |
| 1 | 826952 | 208269522 | 社科二线400B/116文学库 13排6列2层/ [索取号:I312.645/X192] | 在馆 | |
| 2 | 826953 | 208269531 | 社科二线422/422社科库 5排2列5层/ [索取号:I312.645/X192] | 在馆 | |
| 3 | 826954 | 208269540 | 社科二线400B/116文学库 13排6列2层/ [索取号:I312.645/X192] | 在馆 |